00349 a2200133 4500003000500000005001700005040000900022082001400031100002400045245008800069260002400157300001000181651002400191Nust20170207165831.0 cNust a355.30395 aGhazi, Tariq Waseem aNational Defence College Pakistan Year Book 2003-2004cLt Gen Tariq Waseem Ghazi,  aPakistanbNDCc2004 a240 p aYear Book 2003-2004